000 00311nam a2200109Ia 4500
008 200302s9999 xx 000 0 und d
100 _aSarah Caro
245 _aHow to publish your P H D A Practical guide for the humanitis and social sciences
260 _bSage Publications Inc.
260 _c2009
300 _a136
999 _c7440
_d7440